Statystyki dla Powiaty Wielkopolski

Kliknij tutaj aby rozwiązać quiz!

Ogólne statystyki

  • Ten quiz został rozwiązany 219 razy
  • Średni wynik to 19 z 35

Statystyki odpowiedzi

powiat / nazwa miasta% Poprawnych
Poznań
98%
Konin
82%
kaliski
76%
pilski
76%
poznański
76%
Kalisz
72%
Leszno
71%
koniński
69%
leszczyński
67%
kolski
64%
ostrowski
63%
gnieźnieński
61%
śremski
56%
jarociński
53%
turecki
53%
krotoszyński
50%
wrzesiński
50%
rawicki
49%
średzki
48%
złotowski
48%
gostyński
46%
kościański
46%
nowotomyski
45%
międzychodzki
44%
ostrzeszowski
44%
pleszewski
44%
wągrowiecki
43%
wolsztyński
43%
obornicki
42%
szamotulski
42%
chodzieski
41%
czarnkowsko-trzcianecki
41%
kępiński
41%
grodziski
39%
słupecki
39%

Rozkład punktacji

Percentyl według liczby udzielonych odpowiedzi

Procent ludzi z każdym wynikiem

Twoja historia wyników

Nie rozwiązałeś tego quizu